Ground works for tribal theology in the Mizo context/ (Record no. 10804)

MARC details
000 -LEADER
fixed length control field 00813 a2200229 4500
010 ## - LIBRARY OF CONGRESS CONTROL NUMBER
LC control number ENG-89535
020 ## - INTERNATIONAL STANDARD BOOK NUMBER
International Standard Book Number 8172149710
Terms of availability 150.00
035 ## - SYSTEM CONTROL NUMBER
System control number EN-73068
037 ## - SOURCE OF ACQUISITION
Source of stock number/acquisition DBAD / PUB
082 14 - DEWEY DECIMAL CLASSIFICATION NUMBER
Classification number 280.3
090 ## - LOCALLY ASSIGNED LC-TYPE CALL NUMBER (OCLC); LOCAL CALL NUMBER (OCLC)
-- 11109
-- 11109
245 1# - TITLE STATEMENT
Title Ground works for tribal theology in the Mizo context/
Statement of responsibility, etc edited by Rosiamliana Tochhawng, K. Lalrinmawia and L.H. Rawsea
260 ## - PUBLICATION, DISTRIBUTION, ETC. (IMPRINT)
Place of publication, distribution, etc Delhi
Name of publisher, distributor, etc ISPCK
Date of publication, distribution, etc 2007
270 ## - ADDRESS
Address Post Box 1585, 1654 Madarsa Road, Kashmere Gate
City Delhi
Postal code 110 006
300 ## - PHYSICAL DESCRIPTION
Extent xii, 168p.
Dimensions 22cm (Pbk)
490 ## - SERIES STATEMENT
Series statement Readings in Mizo Christianity series; 1
700 ## - ADDED ENTRY--PERSONAL NAME
Personal name Tochhawang, Rosiamliana
700 ## - ADDED ENTRY--PERSONAL NAME
Personal name Lalrinmawia, L.
700 ## - ADDED ENTRY--PERSONAL NAME
Personal name Rawsea, L.H.
942 ## - ADDED ENTRY ELEMENTS (KOHA)
Institution code [OBSOLETE] dpl
Koha item type English Books
Call number prefix 280.3/ GRO
Holdings
Withdrawn status Lost status Source of classification or shelving scheme Damaged status Not for loan Collection code Home library Current library Source of acquisition Cost, normal purchase price Total Checkouts Full call number Barcode Date last seen Copy number Uniform Resource Identifier Cost, replacement price Price effective from Koha item type
    Dewey Decimal Classification   Not For Loan Non-fiction D.B.Act.Division D.B.Act.Division DBAD/PUB 150.00   280.3 GRO EN-73068 15/09/2008 1 11900 150.00 15/09/2008 English Books

© Delhi Public Library
Hit Counter
free hit counter